PATTERN GRADING FOR WOMEN'S CLOTHES (Record no. 9949)

MARC details
000 -LEADER
fixed length control field 00330nam a22001457a 4500
003 - CONTROL NUMBER IDENTIFIER
control field SGT
020 ## - INTERNATIONAL STANDARD BOOK NUMBER
International Standard Book Number 978-81-265-2281-1
082 ## - DEWEY DECIMAL CLASSIFICATION NUMBER
Classification number 746
Item number COO
100 ## - MAIN ENTRY--PERSONAL NAME
Personal name COOKLIN, GERRY
245 ## - TITLE STATEMENT
Title PATTERN GRADING FOR WOMEN'S CLOTHES
260 ## - PUBLICATION, DISTRIBUTION, ETC. (IMPRINT)
Place of publication, distribution, etc INDIA
Name of publisher, distributor, etc WILLEY
Year of Publication 2009
300 ## - PAGE DESCRIPTION
No. of Pages 382
650 ## - SUBJECT ADDED ENTRY--TOPICAL TERM
Topical term or geographic name as entry element WOMEN'S CLOTHES
942 ## - ADDED ENTRY ELEMENTS (KOHA)
Source of classification or shelving scheme Dewey Decimal Classification
Koha item type Books
942 ## - ADDED ENTRY ELEMENTS (KOHA)
-- 6
Holdings
Withdrawn status Lost status Source of classification or shelving scheme Damaged status Not for loan Home library Current library Shelving location Date acquired Vendor Name Cost, normal purchase price SGTU Bill Number Total Checkouts Full call number Accession No. (Barcode) Date last seen Date last borrowed Bill Date Koha item type
    Dewey Decimal Classification     SGT Science & Social Sciences Library SGT Science & Social Sciences Library Text Book 28/09/2016 ABC 759.00 SGTU 7131 6 746 COO FF65 31/03/2022 31/03/2022 08/08/2016 Books